000 01555cad a22002775a 4500
001 L152220
008 110211e20111027xxk f f000 0 eng d
035 _a(Sirsi) u152220
041 0 _aeng
100 1 _aGilbertson, Alan
245 0 0 _aPreventing catastrophic events in construction
_h[electronic resource]
260 _a[S.l.]
_bHSE
_c2011
490 0 _aHSE Research Report
_vRR834
520 _aThe construction industry recognises the hazardous nature of its activities, which manifests itself in the high toll of accidents its workers suffer compared with other industries. This project looks at the risks of "catastrophic events" in the UK construction industry: the types of catastrophic event which have occurred or which might occur during construction, the reasons for occurrence when there have been (or could have been) catastrophic events during construction, including an examination of the underlying factors, the controls which should contribute to an avoidance of a catastrophic event, where the UK construction industry could improve.
590 _aKA NTK
651 4 _aGreat Britain
_y1707-
690 _aHealth and safety
_96244
700 1 _aKappia, Joseph
700 1 _aBosher, Lee
700 1 _aGibb, Alistair
710 1 _aGreat Britain
_bHealth and Safety Executive
710 1 _aConstruction Industry Research and Information Association
_94810
710 1 _aLoughborough University
_93508
856 4 0 _uhttps://www.hse.gov.uk/research/rrpdf/rr834.pdf
_zView the item free of charge at www.hse.gov.uk
942 _n0
999 _c111925
_d111925